| 000 | 01180nac a22003497a 4500 | ||
|---|---|---|---|
| 001 | BR0704623 | ||
| 003 | BR-BrBNA | ||
| 005 | 20240105123450.0 | ||
| 008 | 230509b bl.|||m| |||| 00| 0 por d | ||
| 040 |
_aBR-BrBNA _bpor _cBiblioteca Nacional de Agricultura |
||
| 072 | _aF01 | ||
| 090 | _a1124 BR0704623 | ||
| 100 | 1 | _aOjima, M. | |
| 100 | 1 | _aDall'Orto, F.A.C. | |
| 100 | 1 | _aRigitano, O. | |
| 100 | 1 | _aIgue, T. | |
| 110 | 1 | _aInstituto Agronômico, Campinas, SP (Brasil) | |
| 111 | 1 |
_a3. Congresso Brasileiro de Fruticultura _cRio de Janeiro, RJ (Brazil) _d13 Jul 1975 |
|
| 245 | 1 | _aEstudo do pegamento e desenvolvimento dos frutos do caquizeiro e do seu relacionamento com a presença de sementes | |
| 260 | 3 |
_aCampinas, SP (Brasil): _c1976. |
|
| 300 | _a14 p. | ||
| 490 |
_aBoletim Técnico - Instituto Agronômico (Brazil) _vno. 34 _xISSN 0100-3100 |
||
| 500 | _aSummaries (En, Pt); Documento microfilmado e tratado BR7304131 | ||
| 650 | _aCAQUI | ||
| 650 | _aDIOSPORA KAKI | ||
| 650 | _aSEMENTE | ||
| 650 | _aFRUTO | ||
| 650 | _aPRODUÇÃO VEGETAL | ||
| 650 | _aVARIEDADE | ||
| 909 |
_a202312 _bLúcia Elande _c55 _dLúcia Elande |
||
| 942 |
_2AGRIS _n0 _cMS |
||
| 999 |
_c295584 _d295584 |
||